[Event "Cto Aragón Equipos 2016 D. Honor Gr I"]
[Site "Aragon"]
[Date "2016.02.13"]
[Round "3.9"]
[White "Laliena Solanes, Luis"]
[Black "Nicolas Zapata, Irene"]
[Result "0-1"]
[WhiteElo "2219"]
[BlackElo "2239"]
[PlyCount "74"]
[EventDate "2016.??.??"]
[WhiteTeam "ONCE C.A. Aragon"]
[BlackTeam "Teruel"]

1. e4 c5 2. Nf3 Nc6 3. Bb5 g6 4. Bxc6 dxc6 5. d3 Bg7 6. O-O Nf6 7. h3 O-O 8.
Nc3 Nd7 9. Be3 e5 10. Qd2 Re8 11. Nh2 b6 12. f4 exf4 13. Bxf4 Ne5 14. Nf3 Nxf3+
15. Rxf3 Be6 16. Bg5 Qd4+ 17. Be3 Qd6 18. Re1 Be5 19. b3 Rad8 20. Ne2 c4 21. d4
Qa3 22. bxc4 Qxa2 23. Bg5 Rd7 24. Qe3 Bg7 25. d5 cxd5 26. exd5 Qxc4 27. dxe6
Rxe6 28. Qf4 Qxc2 29. Re3 Rdd6 30. Kh1 Rxe3 31. Qxe3 Re6 32. Rc1 Rxe3 33. Rxc2
Re8 34. Bf4 b5 35. Rc7 h5 36. Nc3 g5 37. Bxg5 Re1+ 0-1

[Event "Cto Aragón Equipos 2016 D. Honor Gr I"]
[Site "Aragon"]
[Date "2016.02.13"]
[Round "3.10"]
[White "Garcia Fernandez, Javier"]
[Black "Cobo Garrido, Diego Israel"]
[Result "1-0"]
[WhiteElo "2173"]
[BlackElo "2062"]
[PlyCount "75"]
[EventDate "2016.??.??"]
[WhiteTeam "Teruel"]
[BlackTeam "ONCE C.A. Aragon"]

1. e4 c5 2. Nc3 Nc6 3. g3 g6 4. Bg2 Bg7 5. d3 d6 6. Be3 Nf6 7. h3 O-O 8. Qd2
Nd4 9. Nce2 Ne8 10. c3 Nc6 11. Bh6 Rb8 12. Bxg7 Nxg7 13. f4 b5 14. Nf3 b4 15.
c4 e5 16. f5 gxf5 17. Qh6 f6 18. Nh4 Ne7 19. O-O fxe4 20. dxe4 f5 21. Rad1 Rb6
22. exf5 Bxf5 23. g4 Bg6 24. Nxg6 Rxf1+ 25. Rxf1 hxg6 26. Qg5 Qd7 27. Ng3 Ne6
28. Qf6 Nf4 29. Ne4 d5 30. Qxb6 dxe4 31. Qb8+ Kh7 32. Qxe5 Ne2+ 33. Kf2 Nd4 34.
Bxe4 Nec6 35. Qh5+ Kg8 36. Qxg6+ Kh8 37. Qh6+ Kg8 38. Bd5+ 1-0

[Event "Cto Aragón Equipos 2016 D. Honor Gr I"]
[Site "Aragon"]
[Date "2016.02.13"]
[Round "3.11"]
[White "Latorre Abad, Fernando"]
[Black "Dominguez Bujeda, Jesus"]
[Result "1-0"]
[WhiteElo "2056"]
[BlackElo "2119"]
[PlyCount "115"]
[EventDate "2016.??.??"]
[WhiteTeam "ONCE C.A. Aragon"]
[BlackTeam "Teruel"]

1. e4 c5 2. Nf3 d6 3. d4 cxd4 4. Qxd4 Nc6 5. Qe3 Nf6 6. c4 e6 7. Be2 Be7 8. O-O
O-O 9. Rd1 Qc7 10. Nc3 a6 11. h3 Bd7 12. b3 Rfd8 13. Bb2 Ne5 14. Nd4 Bc6 15. f4
Ned7 16. Rac1 Qb6 17. Bf3 e5 18. Nf5 Qxe3+ 19. Nxe3 Nc5 20. fxe5 dxe5 21. Ncd5
Bxd5 22. Nxd5 Kf8 23. Bxe5 Ncxe4 24. Nxe7 Rxd1+ 25. Rxd1 Kxe7 26. Bxf6+ Nxf6
27. Bxb7 Rb8 28. Bxa6 Ra8 29. Bb5 Rxa2 30. Rd4 Rc2 31. b4 h5 32. c5 g5 33. c6
g4 34. Bc4 g3 35. Kf1 Ne8 36. Rd7+ Kf6 37. Bxf7 Ng7 38. Bd5 Nf5 39. Rf7+ Ke5
40. Rxf5+ Kxf5 41. b5 Ke5 42. b6 Kd4 43. Ke1 Ke3 44. Kd1 Rd2+ 45. Kc1 Rxd5 46.
b7 Rc5+ 47. Kb1 Rb5+ 48. Kc2 Kf2 49. c7 Rxb7 50. c8=Q Rf7 51. Qc4 Rf5 52. Qe4
Rf7 53. Qd5 Rf4 54. Qd2+ Kg1 55. Qxf4 Kxg2 56. Qh4 Kh2 57. Qxh5 g2 58. Qg4 1-0

[Event "Cto Aragón Equipos 2016 D. Honor Gr I"]
[Site "Aragon"]
[Date "2016.02.13"]
[Round "3.12"]
[White "Martin Catalan, Juan Vicente"]
[Black "Landa Garriga, Francisco Javie"]
[Result "1-0"]
[WhiteElo "2045"]
[BlackElo "1846"]
[PlyCount "69"]
[EventDate "2016.??.??"]
[WhiteTeam "Teruel"]
[BlackTeam "ONCE C.A. Aragon"]

1. d4 Nf6 2. c4 g6 3. Nf3 Bg7 4. Bf4 d6 5. e3 O-O 6. Be2 Nbd7 7. Nc3 b6 8. h3
Bb7 9. O-O a5 10. Qc2 Qe8 11. Bh2 e5 12. dxe5 dxe5 13. Rfd1 Qe6 14. a3 Rac8 15.
Bf1 Ne8 16. Nd5 Nd6 17. Rac1 h6 18. e4 c6 19. Ne3 Rcd8 20. b4 axb4 21. axb4 c5
22. Nd5 cxb4 23. Nd2 Rc8 24. Qb1 Nc5 25. f3 Ne8 26. Qxb4 Rc6 27. Rb1 Nf6 28.
Nxb6 Rd8 29. Nd5 Bf8 30. Qb2 Ba6 31. Qxe5 Nfd7 32. Qa1 Bg7 33. Qa3 f5 34. exf5
gxf5 35. Re1 1-0

[Event "Cto Aragón Equipos 2016 D. Honor Gr I"]
[Site "Aragon"]
[Date "2016.02.13"]
[Round "3.14"]
[White "Roque Sola, Jose Luis"]
[Black "Gella Bitrian, Diego"]
[Result "0-1"]
[WhiteElo "2066"]
[BlackElo "2020"]
[PlyCount "88"]
[EventDate "2016.??.??"]
[WhiteTeam "Agrupacion B"]
[BlackTeam "Atl. Huesca"]

1. e4 c5 2. Nf3 d6 3. d4 Nf6 4. Nc3 cxd4 5. Nxd4 a6 6. Bc4 e6 7. Bb3 Nbd7 8.
Be3 Nc5 9. f3 b5 10. Qd2 Bb7 11. O-O-O Rc8 12. Kb1 Nxb3 13. axb3 b4 14. Na4 Qc7
15. Rc1 d5 16. exd5 Nxd5 17. Rhe1 Be7 18. Bg5 Bxg5 19. Qxg5 O-O 20. Re4 h6 21.
Qh4 Nf6 22. Re2 Rfd8 23. c4 Qd6 24. Nc2 Qd3 25. Re3 Qd2 26. Qe1 a5 27. Re5 Qxg2
28. Rxa5 Qxf3 29. Qxb4 Be4 30. Nc3 Rb8 31. Rb5 Rxb5 32. Qxb5 Rd2 33. Nxe4 Nxe4
34. c5 Rd5 35. Na3 Qe3 36. Qb8+ Kh7 37. c6 Nd2+ 38. Ka2 Nxb3 39. Rc3 Nc1+ 40.
Ka1 Qe1 41. Nb1 Ne2 42. Ra3 Rd1 43. Ra8 Rxb1+ 44. Ka2 Qd1 0-1

[Event "Cto Aragón Equipos 2016 D. Honor Gr I"]
[Site "Aragon"]
[Date "2016.02.13"]
[Round "3.15"]
[White "Laplaza Ara, Carlos"]
[Black "Carruez Gracia, Eduardo"]
[Result "0-1"]
[WhiteElo "1975"]
[BlackElo "1938"]
[PlyCount "66"]
[EventDate "2016.??.??"]
[WhiteTeam "Atl. Huesca"]
[BlackTeam "Agrupacion B"]

1. d4 Nf6 2. Nf3 g6 3. c4 Bg7 4. Nc3 d6 5. e4 O-O 6. Be2 e5 7. O-O Nbd7 8. dxe5
dxe5 9. Qc2 c6 10. Rd1 Qc7 11. Bg5 Nc5 12. b4 Ne6 13. c5 Nf4 14. Rd6 Be6 15.
Rad1 h6 16. Bxf6 Bxf6 17. g3 Nxe2+ 18. Qxe2 Be7 19. R6d2 Rad8 20. Rxd8 Rxd8 21.
Rxd8+ Qxd8 22. Qd2 Qxd2 23. Nxd2 Bg5 24. Nb3 b6 25. b5 cxb5 26. cxb6 axb6 27.
Nxb5 Bc4 28. Nc3 Kf8 29. h4 Be7 30. f3 b5 31. Kf2 Bb4 32. Nb1 Ke7 33. N1d2 Bxd2
0-1

[Event "Cto Aragón Equipos 2016 D. Honor Gr I"]
[Site "Aragon"]
[Date "2016.02.13"]
[Round "3.16"]
[White "Serrat Claver, David"]
[Black "Gomez Zazurca, Rodolfo"]
[Result "1-0"]
[WhiteElo "1815"]
[BlackElo "1656"]
[PlyCount "45"]
[EventDate "2016.??.??"]
[WhiteTeam "Agrupacion B"]
[BlackTeam "Atl. Huesca"]

1. e4 c5 2. c3 Nf6 3. e5 Nd5 4. d4 cxd4 5. Nf3 e6 6. cxd4 d6 7. Bd3 Nc6 8. O-O
Be7 9. Nc3 Nxc3 10. bxc3 O-O 11. Qe2 Bd7 12. Qe4 g6 13. Qe3 Re8 14. h4 dxe5 15.
dxe5 h5 16. Bxg6 fxg6 17. Qh6 Bxh4 18. Qxg6+ Kh8 19. Qxh5+ Kg8 20. Nxh4 Nxe5
21. Bg5 Re7 22. Bf6 Rh7 23. Qg5+ 1-0

[Event "Cto Aragon Equipos 2016 D Honor Gr II"]
[Site "Aragon"]
[Date "2016.02.13"]
[Round "3.17"]
[White "Colas Longares, Rafael P"]
[Black "Cebrian Valverde, Jose Antonio"]
[Result "1-0"]
[WhiteElo "2310"]
[BlackElo "2144"]
[PlyCount "151"]
[EventDate "2016.??.??"]
[WhiteTeam "Caissa Hnos. Cortes"]
[BlackTeam "San Jose"]

1. e4 e6 2. d4 d5 3. Nc3 Bb4 4. e5 c5 5. dxc5 Nc6 6. Nf3 d4 7. a3 Ba5 8. b4
dxc3 9. bxa5 Qxd1+ 10. Kxd1 Nge7 11. Rb1 O-O 12. Rb3 Rd8+ 13. Ke1 Rd5 14. Rxc3
Nxe5 15. Nd2 Nd7 16. Nb3 Re5+ 17. Re3 Rxe3+ 18. Bxe3 Nd5 19. Bc1 Nb8 20. Bc4
Bd7 21. Ke2 Bc6 22. Bd2 Nd7 23. Nd4 Ba4 24. Bb3 Nxc5 25. Bxa4 Nxa4 26. c4 Nc7
27. Rb1 Nc5 28. Nb5 N7a6 29. Nd6 Rb8 30. Nb5 Ra8 31. Be3 Na4 32. Kf3 N6c5 33.
Nxa7 Nc3 34. Rb4 Rxa7 35. Bxc5 Rxa5 36. Rxb7 f6 37. Rb3 Rxc5 38. Rxc3 Kf7 39.
Ke3 e5 40. a4 Ke6 41. Kd3 Ra5 42. Ra3 Kd6 43. Kc3 Kc5 44. Ra2 e4 45. Kb3 Ra7
46. Rd2 Rb7+ 47. Kc3 Rb1 48. Rd5+ Kc6 49. Rh5 h6 50. Kd4 Re1 51. a5 Re2 52. Rf5
Kd6 53. g4 Kc6 54. h4 Kd6 55. h5 Kc6 56. Rf4 Ra2 57. Kxe4 Rxa5 58. Rf3 Rg5 59.
Rf4 f5+ 60. gxf5 Rxh5 61. Rg4 Rh2 62. Rxg7 Rxf2 63. Rg6+ Kc5 64. Rxh6 Kxc4 65.
Rc6+ Kb5 66. Rc1 Kb6 67. Ke5 Re2+ 68. Kd6 Rd2+ 69. Ke7 Re2+ 70. Kf7 Kb5 71. f6
Rg2 72. Ke7 Re2+ 73. Kf8 Rf2 74. f7 Rg2 75. Rc8 Kb6 76. Ke7 1-0

[Event "Cto Aragon Equipos 2016 D Honor Gr II"]
[Site "Aragon"]
[Date "2016.02.13"]
[Round "3.18"]
[White "Gutierrez Mingueza, Ruben"]
[Black "Garcia Vicente, Nieves"]
[Result "0-1"]
[WhiteElo "2075"]
[BlackElo "2171"]
[PlyCount "108"]
[EventDate "2016.??.??"]
[WhiteTeam "San Jose"]
[BlackTeam "Caissa Hnos. Cortes"]

1. d4 Nf6 2. Nf3 d5 3. c4 e6 4. Nc3 Bb4 5. cxd5 exd5 6. Bg5 h6 7. Bxf6 Qxf6 8.
Qa4+ Nc6 9. e3 O-O 10. Be2 Be6 11. O-O Rfd8 12. Rfc1 Bf8 13. Qd1 a6 14. Na4 Bd6
15. Nc5 Bc8 16. Nd3 a5 17. Qd2 Bf5 18. Nc5 Ra7 19. Na4 Ne7 20. Nc3 c6 21. Na4
Ng6 22. Nc5 Qe7 23. Nd3 Be4 24. Nde1 Raa8 25. g3 Qf6 26. Qd1 Re8 27. Ng2 Re7
28. Nd2 Bf5 29. Nf3 Bg4 30. Nge1 Bh3 31. Ng2 Re4 32. Nd2 Re7 33. a3 Bf5 34. Nf3
Bg4 35. Nge1 h5 36. Ng2 Ree8 37. Rab1 h4 38. Ngxh4 Nxh4 39. Nxh4 Bxe2 40. Qxe2
Qxd4 41. Qc2 Qf6 42. Nf5 Bf8 43. b4 axb4 44. axb4 Re4 45. Nd4 Bd6 46. Qd2 Re7
47. Ne2 Qe6 48. Rd1 Qh3 49. b5 Re6 50. Nd4 Rh6 51. bxc6 Qxh2+ 52. Kf1 bxc6 53.
Nf5 Qh1+ 54. Ke2 Qh5+ 0-1

[Event "Cto Aragon Equipos 2016 D Honor Gr II"]
[Site "Aragon"]
[Date "2016.02.13"]
[Round "3.19"]
[White "Vera Aranjuelo, Jesus Maria"]
[Black "Gimeno Oteo, Marco Antonio"]
[Result "0-1"]
[WhiteElo "2008"]
[BlackElo "2070"]
[PlyCount "62"]
[EventDate "2016.??.??"]
[WhiteTeam "Caissa Hnos. Cortes"]
[BlackTeam "San Jose"]

1. d4 Nf6 2. Nf3 g6 3. Bf4 Bg7 4. e3 b6 5. Be2 Bb7 6. O-O O-O 7. h3 c5 8. c3 d6
9. Bh2 Nbd7 10. Nbd2 Rc8 11. a4 Re8 12. a5 Qc7 13. axb6 axb6 14. Qb3 Bd5 15.
Bc4 Bxc4 16. Qxc4 b5 17. Qa2 Qb7 18. Ng5 Rf8 19. Qa6 Qd5 20. Ngf3 cxd4 21. Nxd4
e5 22. N4f3 Ra8 23. c4 Rxa6 24. cxd5 Rfa8 25. Rad1 Nxd5 26. Ne4 N7f6 27. Nc3
Nxc3 28. bxc3 Ne4 29. Rd3 Rc8 30. Nd2 Rxc3 31. Rxd6 Nxd6 0-1

[Event "Cto Aragon Equipos 2016 D Honor Gr II"]
[Site "Aragon"]
[Date "2016.02.13"]
[Round "3.20"]
[White "Ferreruela Romero, Jose Joaqui"]
[Black "Galvez Perez, Jose Luis"]
[Result "1-0"]
[WhiteElo "2000"]
[BlackElo "1901"]
[PlyCount "67"]
[EventDate "2016.??.??"]
[WhiteTeam "San Jose"]
[BlackTeam "Caissa Hnos. Cortes"]

1. d4 d6 2. Nf3 g6 3. Bf4 Bg7 4. c3 Nf6 5. h3 O-O 6. Nbd2 Nc6 7. e4 Nd7 8. Bg3
e5 9. d5 Ne7 10. Bc4 h6 11. Qc2 f5 12. O-O-O a5 13. Bh4 Nc5 14. Ne1 Qe8 15. f3
fxe4 16. fxe4 g5 17. Bg3 b5 18. Be2 Bd7 19. Nd3 Nxd3+ 20. Qxd3 Ng6 21. Bh5 Nf4
22. Bxf4 Qxh5 23. g4 Qg6 24. Be3 Kh7 25. Rdg1 c6 26. h4 gxh4 27. Rxh4 cxd5 28.
Bxh6 Bc6 29. Rgh1 Rh8 30. Qe3 dxe4 31. Rh5 Bf6 32. Bg5+ Kg8 33. Bxf6 Rxh5 34.
Rxh5 1-0

[Event "Cto Aragon Equipos 2016 D Honor Gr II"]
[Site "Aragon"]
[Date "2016.02.13"]
[Round "3.21"]
[White "Lana Rodriguez, David"]
[Black "Villuendas Valero, Adrian"]
[Result "0-1"]
[WhiteElo "2260"]
[BlackElo "2319"]
[PlyCount "112"]
[EventDate "2016.??.??"]
[WhiteTeam "Agrupacion A"]
[BlackTeam "St. Casablanca B"]

1. e4 c5 2. d4 cxd4 3. c3 Nf6 4. e5 Nd5 5. Nf3 e6 6. cxd4 d6 7. Nc3 Nxc3 8.
bxc3 Qc7 9. Bd2 Nd7 10. exd6 Bxd6 11. Bd3 O-O 12. Ng5 Nf6 13. Qf3 e5 14. d5 h6
15. Ne4 Nxe4 16. Qxe4 f5 17. Qc4 Qe7 18. O-O Bd7 19. Rae1 Rac8 20. Qb3 b6 21.
f3 Rce8 22. f4 e4 23. Be2 Rc8 24. c4 Bc5+ 25. Kh1 Qf6 26. Bc3 Bd4 27. Bb4 Bc5
28. Bc3 Bd4 29. Bd2 Rfd8 30. Rd1 Be8 31. Bb4 Bf7 32. Qg3 Bc5 33. Bc3 Qg6 34.
Qh3 b5 35. cxb5 Rxd5 36. Bc4 Rxd1 37. Bxf7+ Qxf7 38. Rxd1 Bb6 39. Qg3 e3 40.
Be1 Qe6 41. Bb4 Rc2 42. a3 Qc4 43. h4 Rc1 44. Rxc1 Qxc1+ 45. Qe1 Qc4 46. a4
Qxf4 47. a5 Bc7 48. g3 Qf3+ 49. Kh2 f4 50. b6 fxg3+ 51. Kg1 axb6 52. a6 e2 53.
a7 Be5 54. Bc3 Bxc3 55. a8=Q+ Qxa8 56. Qxc3 Qe4 0-1

[Event "Cto Aragon Equipos 2016 D Honor Gr II"]
[Site "Aragon"]
[Date "2016.02.13"]
[Round "3.22"]
[White "Gomez Anadon, Daniel"]
[Black "Ramon Perez, Jose Luis"]
[Result "1/2-1/2"]
[WhiteElo "2212"]
[BlackElo "2238"]
[PlyCount "109"]
[EventDate "2016.??.??"]
[WhiteTeam "St. Casablanca B"]
[BlackTeam "Agrupacion A"]

1. e4 d5 2. exd5 Qxd5 3. Nc3 Qd6 4. d4 Nf6 5. Nf3 c6 6. Ne5 Bf5 7. g4 Be6 8. g5
Nfd7 9. Nc4 Bxc4 10. Bxc4 e5 11. Qe2 Be7 12. dxe5 Qxe5 13. Be3 Bc5 14. Bxc5
Qxe2+ 15. Bxe2 Nxc5 16. O-O-O Ne6 17. Bg4 Na6 18. Ne4 O-O 19. Bxe6 fxe6 20. Rd7
Rf7 21. Rhd1 Raf8 22. Rxf7 Rxf7 23. Rd8+ Rf8 24. Rd7 Rf7 25. Rxf7 Kxf7 26. Nd6+
Kg6 27. Nxb7 Kxg5 28. Nd8 Kg4 29. Nxe6 Kf3 30. Nxg7 Kxf2 31. a3 Kg2 32. b4 Kxh2
33. c4 Kg3 34. Kc2 Kf4 35. Kc3 Ke4 36. Nh5 h6 37. a4 Nb8 38. Nf6+ Kf5 39. Nh5
Ke5 40. c5 a5 41. Kc4 axb4 42. Kxb4 Kd4 43. Nf6 Na6+ 44. Ka5 Nxc5 45. Kb6 Nxa4+
46. Kxc6 Nc5 47. Nh5 Ne4 48. Kd7 Ke5 49. Ke7 Ng5 50. Ng7 Ne6 51. Nxe6 h5 52.
Ng5 Kf5 53. Nf3 Kg4 54. Kf6 Kxf3 55. Kg5 1/2-1/2

[Event "Cto Aragon Equipos 2016 D Honor Gr II"]
[Site "Aragon"]
[Date "2016.02.13"]
[Round "3.23"]
[White "Remiro Juste, Fernando Jose"]
[Black "Gimenez Martinez, Alberto"]
[Result "0-1"]
[WhiteElo "2231"]
[BlackElo "2184"]
[PlyCount "58"]
[EventDate "2016.??.??"]
[WhiteTeam "Agrupacion A"]
[BlackTeam "St. Casablanca B"]

1. d4 Nf6 2. Bg5 e6 3. e4 h6 4. Bxf6 Qxf6 5. Nc3 Bb4 6. Nge2 d6 7. Qd3 c6 8. f4
e5 9. dxe5 dxe5 10. f5 b6 11. O-O-O Ba6 12. Qf3 Nd7 13. Ng3 Bxf1 14. Rdxf1
O-O-O 15. Nh5 Qg5+ 16. Kb1 g6 17. Ng3 Qe7 18. a3 Bc5 19. Na2 b5 20. Qb3 Nb6 21.
Rd1 Nc4 22. Ka1 Ne3 23. Rd3 Nxg2 24. Nb4 Bxb4 25. axb4 Rxd3 26. cxd3 Nf4 27.
Rc1 Kb7 28. Rc5 Rd8 29. Rc3 Rd4 0-1

[Event "Cto Aragon Equipos 2016 D Honor Gr II"]
[Site "Aragon"]
[Date "2016.02.13"]
[Round "3.24"]
[White "Cortes Lizano, Jesus"]
[Black "Mimbela Lopez, Miguel A"]
[Result "1-0"]
[WhiteElo "2149"]
[BlackElo "2149"]
[PlyCount "143"]
[EventDate "2016.??.??"]
[WhiteTeam "St. Casablanca B"]
[BlackTeam "Agrupacion A"]

1. Nf3 e6 2. c4 f5 3. g3 Nf6 4. Bg2 d5 5. O-O c6 6. d3 dxc4 7. dxc4 Qxd1 8.
Rxd1 Bc5 9. Nc3 Ng4 10. e3 Nd7 11. Nd4 Nde5 12. b3 O-O 13. Bb2 Nf7 14. Na4 Be7
15. Nf3 e5 16. h3 e4 17. Ne1 Nge5 18. Bd4 b6 19. f4 Nd7 20. Nc2 Nc5 21. Nb2 Ne6
22. Bc3 Rd8 23. Bf1 Bb7 24. Be2 Kf8 25. Kf2 Rxd1 26. Rxd1 Rd8 27. Rxd8+ Nfxd8
28. Be5 c5 29. Ke1 Nc6 30. Bc3 Kf7 31. Nd1 Bf6 32. g4 Ne7 33. Kd2 g5 34. gxf5
Nxf5 35. fxg5 Bxg5 36. Be5 Ned4 37. Bxd4 cxd4 38. Bg4 Nxe3 39. Ndxe3 dxe3+ 40.
Nxe3 Kf6 41. Ke2 Ke5 42. Nc2 Bc6 43. Nb4 Be8 44. Nd5 Bd8 45. Ke3 b5 46. Nc3
Bg5+ 47. Ke2 bxc4 48. bxc4 Bf7 49. c5 Bc4+ 50. Kd1 Bd8 51. c6 Ba5 52. a4 a6 53.
Kc2 Bd3+ 54. Kb3 Kd6 55. Bf5 Ke5 56. Bxh7 Kd4 57. Nd1 e3 58. Bxd3 Kxd3 59. Nb2+
Kd4 60. Kc2 e2 61. Nd3 Kd5 62. Nf4+ Kxc6 63. Nxe2 Be1 64. Kb3 Kd5 65. Nc3+ Kd4
66. Na2 Kc5 67. Nc1 Bh4 68. Nd3+ Kd6 69. Kc4 Bf6 70. Nb4 a5 71. Nc2 Kc6 72. Ne3
1-0

[Event "Cto Aragon Equipos 2016 D Honor Gr II"]
[Site "Aragon"]
[Date "2016.02.13"]
[Round "3.25"]
[White "Moreno Gracia, Daniel"]
[Black "Gracia Campo, Carlos Alberto"]
[Result "1-0"]
[WhiteElo "2337"]
[BlackElo "2084"]
[PlyCount "73"]
[EventDate "2016.??.??"]
[WhiteTeam "L'Aurora Estadilla A"]
[BlackTeam "El Olivar B"]

1. c4 Nf6 2. Nc3 g6 3. e4 d6 4. d4 Bg7 5. h3 O-O 6. Nf3 c5 7. d5 e5 8. Be2 Nh5
9. Bg5 f6 10. Be3 Nf4 11. Bf1 f5 12. g3 fxe4 13. Nxe4 Qe7 14. Qd2 b5 15. cxb5
a6 16. Nfg5 Bf5 17. f3 Bxe4 18. Nxe4 Nh5 19. bxa6 Nxa6 20. Bxa6 Rxa6 21. O-O
Nf6 22. b3 Qb7 23. Rad1 Rfa8 24. Nc3 Nd7 25. Qd3 Qb4 26. Rf2 e4 27. Nxe4 Rxa2
28. Nxd6 Ne5 29. Qb5 Qxb5 30. Nxb5 Rxf2 31. Kxf2 Rb8 32. Nc7 Rxb3 33. Ne6 Nd3+
34. Ke2 Nb2 35. Ra1 Rxe3+ 36. Kxe3 Nc4+ 37. Kd3 1-0

[Event "Cto Aragon Equipos 2016 D Honor Gr II"]
[Site "Aragon"]
[Date "2016.02.13"]
[Round "3.26"]
[White "Veras Sanz, Marino"]
[Black "Solano Lasierra, Javier"]
[Result "1/2-1/2"]
[WhiteElo "2057"]
[BlackElo "2117"]
[PlyCount "121"]
[EventDate "2016.??.??"]
[WhiteTeam "El Olivar B"]
[BlackTeam "L'Aurora Estadilla A"]

1. Nf3 d5 2. c4 e6 3. b3 Nf6 4. Bb2 Be7 5. g3 O-O 6. Bg2 c5 7. O-O Nc6 8. e3 b6
9. Qe2 Bb7 10. Rd1 Rc8 11. d4 cxd4 12. Nxd4 Nxd4 13. Bxd4 Qc7 14. cxd5 Bxd5 15.
e4 Bb7 16. Nc3 e5 17. Nb5 Ba6 18. Be3 Qc6 19. a4 Qe6 20. Qb2 Bb7 21. Nxa7 Ra8
22. Nb5 Rac8 23. Nc3 Bb4 24. Nd5 Nxd5 25. exd5 Qd6 26. Qe2 f5 27. Qb5 Bc5 28.
Bxc5 Rxc5 29. Qb4 Rd8 30. a5 Rxa5 31. Qxd6 Rxd6 32. Rxa5 bxa5 33. Bf1 Kf7 34.
Bc4 Kf6 35. f3 Rd8 36. Kf2 Ke7 37. Ke3 Kd6 38. h4 Kc5 39. Ra1 Ra8 40. Bd3 g6
41. g4 f4+ 42. Ke4 Bxd5+ 43. Kxe5 Bxb3 44. Kxf4 a4 45. h5 Kd4 46. Be4 Ra6 47.
hxg6 hxg6 48. Kg5 Bf7 49. Bb1 Kc3 50. Ba2 Kb2 51. Bxf7 Kxa1 52. Bxg6 Rxg6+ 53.
Kxg6 a3 54. f4 a2 55. f5 Kb1 56. f6 a1=Q 57. g5 Qe5 58. Kh7 Qxg5 59. f7 Qf6 60.
Kg8 Qg6+ 61. Kh8 1/2-1/2

[Event "Cto Aragon Equipos 2016 D Honor Gr II"]
[Site "Aragon"]
[Date "2016.02.13"]
[Round "3.27"]
[White "Pellicer Cerezuela, Miguel"]
[Black "Bailo Remacha, Santiago"]
[Result "1-0"]
[WhiteElo "2048"]
[BlackElo "2036"]
[PlyCount "77"]
[EventDate "2016.??.??"]
[WhiteTeam "L'Aurora Estadilla A"]
[BlackTeam "El Olivar B"]

1. d4 Nf6 2. Nf3 g6 3. b3 Bg7 4. Bb2 b6 5. Nbd2 Bb7 6. e3 O-O 7. Bd3 d5 8. O-O
Nbd7 9. c4 e6 10. Qc2 c5 11. Rac1 Rc8 12. Rfd1 b5 13. dxc5 bxc4 14. bxc4 Nxc5
15. Be2 Qa5 16. Nb3 Nxb3 17. axb3 dxc4 18. bxc4 Be4 19. Qc3 Qb6 20. Qa3 Nh5 21.
Bxg7 Nxg7 22. Ne5 Qc7 23. Nd7 Bc6 24. Nxf8 Rxf8 25. Ra1 Ra8 26. Qc5 Qb7 27.
Rab1 Qa6 28. Qd6 Nf5 29. Rb8+ Rxb8 30. Qxb8+ Kg7 31. e4 Qa2 32. Bf1 Qc2 33.
Qe5+ Kh6 34. Rd3 Nh4 35. Qf6 Kh5 36. g4+ Kh6 37. Qxh4+ Kg7 38. e5 Qxc4 39. Qf6+
1-0

[Event "Cto Aragon Equipos 2016 D Honor Gr II"]
[Site "Aragon"]
[Date "2016.02.13"]
[Round "3.28"]
[White "Arinez Bruna, Octavio"]
[Black "Felez Casedas, Carlos"]
[Result "1/2-1/2"]
[WhiteElo "1937"]
[BlackElo "2012"]
[PlyCount "107"]
[EventDate "2016.??.??"]
[WhiteTeam "El Olivar B"]
[BlackTeam "L'Aurora Estadilla A"]

1. c4 e6 2. Nc3 d5 3. cxd5 exd5 4. d4 c6 5. Nf3 Bf5 6. Bf4 Nf6 7. e3 Be7 8. Bd3
Bxd3 9. Qxd3 Nbd7 10. O-O O-O 11. h3 Re8 12. Rac1 Nf8 13. Rfd1 Ng6 14. Bh2 Bd6
15. Bxd6 Qxd6 16. Qb1 Nd7 17. Na4 Ngf8 18. Nc5 Nxc5 19. dxc5 Qg6 20. Qxg6 hxg6
21. Rd4 Ne6 22. Rb4 Re7 23. Nd2 Rd8 24. Nb3 Rdd7 25. Ra4 a6 26. Kf1 f6 27. Nd4
Nxd4 28. Rxd4 Kf7 29. Rcd1 f5 30. Rb4 Kf6 31. Ke2 g5 32. Kd3 Re4 33. Kc3 Ke5
34. Rdd4 f4 35. exf4+ gxf4 36. f3 Rxd4 37. Rxd4 g5 38. Kd3 Re7 39. Rb4 Kf5 40.
Kd2 Kg6 41. h4 Kh5 42. hxg5 Kxg5 43. g3 fxg3 44. Rg4+ Kf5 45. Rxg3 Kf4 46. Rh3
Rg7 47. b4 a5 48. a3 Rg2+ 49. Kc3 axb4+ 50. axb4 Rg7 51. Kd4 Re7 52. b5 cxb5
53. Kxd5 Rc7 54. Rh4+ 1/2-1/2

[Event "Cto Aragon Equipos 2016 D Honor Gr II"]
[Site "Aragon"]
[Date "2016.02.13"]
[Round "3.29"]
[White "Forcen Esteban, Daniel"]
[Black "Baron Rodriguez, Jesus"]
[Result "1-0"]
[WhiteElo "2555"]
[BlackElo "2439"]
[PlyCount "113"]
[EventDate "2016.??.??"]
[WhiteTeam "Jaime Casas A"]
[BlackTeam "Ibercaja A"]

1. e4 e5 2. Nf3 Nc6 3. Bc4 Nf6 4. Ng5 d5 5. exd5 Na5 6. Bb5+ Bd7 7. Qe2 Be7 8.
Bxd7+ Qxd7 9. Qxe5 O-O 10. O-O Ng4 11. Qf4 Bd6 12. Qe4 Bxh2+ 13. Kh1 Nf6 14.
Qh4 Be5 15. d4 Bd6 16. Nc3 Qf5 17. Nce4 h6 18. Nxf6+ Qxf6 19. Nf3 Qf5 20. c3
Rfe8 21. b3 Re4 22. Qh3 Qxd5 23. c4 Qc6 24. Bd2 b6 25. Rae1 Rae8 26. Rxe4 Rxe4
27. Qc8+ Re8 28. Qa6 Qb7 29. Qxb7 Nxb7 30. b4 c6 31. Rc1 Bc7 32. a4 g5 33. Be3
f5 34. Kg1 f4 35. Bd2 c5 36. bxc5 bxc5 37. Rb1 Nd6 38. dxc5 Nxc4 39. Rb7 Nxd2
40. Nxd2 Re7 41. Rxa7 g4 42. Kf1 Kf7 43. f3 h5 44. Ne4 Ke6 45. a5 Kd5 46. a6
Kc6 47. Ra8 Rd7 48. Rh8 Rd1+ 49. Ke2 Ra1 50. Rxh5 Ra2+ 51. Kd3 Ra3+ 52. Kc4
gxf3 53. Rh6+ Kd7 54. gxf3 Rxf3 55. c6+ Kc8 56. Rh8+ Bd8 57. a7 1-0

[Event "Cto Aragon Equipos 2016 D Honor Gr II"]
[Site "Aragon"]
[Date "2016.02.13"]
[Round "3.30"]
[White "Gines Esteo, Pedro Antonio"]
[Black "Antoli Royo, Joaquin Miguel"]
[Result "1-0"]
[WhiteElo "2192"]
[BlackElo "2449"]
[PlyCount "71"]
[EventDate "2016.??.??"]
[WhiteTeam "Ibercaja A"]
[BlackTeam "St. Casablanca B"]

1. d4 Nf6 2. Nf3 e6 3. e3 d5 4. Bd3 c5 5. b3 Nc6 6. O-O Be7 7. Bb2 O-O 8. Nbd2
b6 9. Ne5 Nxe5 10. dxe5 Ne8 11. e4 Nc7 12. f4 b5 13. exd5 exd5 14. f5 Bg5 15.
Kh1 Bh6 16. f6 g6 17. Nf3 Re8 18. Qe1 Ne6 19. Bxb5 Bd7 20. Qh4 Bf8 21. Bd3 Rb8
22. Bc1 Rb4 23. c4 dxc4 24. Bxc4 Bb5 25. Bh6 Bxc4 26. bxc4 Qd3 27. Bxf8 Reb8
28. Bxc5 Rxc4 29. Qh6 Rg4 30. h3 Rxg2 31. Kxg2 g5 32. Kg3 Qe4 33. Nxg5 Qxe5+
34. Kh4 Rb4+ 35. Bxb4 Qd4+ 36. Kh5 1-0

[Event "Cto Aragon Equipos 2016 D Honor Gr II"]
[Site "Aragon"]
[Date "2016.02.13"]
[Round "3.31"]
[White "Ramiro Ovejero, Juan Luis"]
[Black "Eizaguerri Floris, Maria"]
[Result "1-0"]
[WhiteElo "2370"]
[BlackElo "1906"]
[PlyCount "101"]
[EventDate "2016.??.??"]
[WhiteTeam "Jaime Casas A"]
[BlackTeam "Ibercaja A"]

1. e4 c5 2. Nf3 e6 3. g3 Nc6 4. Bg2 d5 5. exd5 exd5 6. O-O Nf6 7. d4 cxd4 8.
Nxd4 Be7 9. Be3 O-O 10. Nc3 Bg4 11. Qd2 Qd7 12. Rae1 Bh3 13. f3 Bxg2 14. Kxg2
Bc5 15. Nxc6 Bxe3 16. Rxe3 bxc6 17. Qd4 Rab8 18. Na4 a5 19. a3 Qf5 20. Rf2 Nd7
21. Rfe2 h6 22. h4 Rfc8 23. g4 Qf6 24. Qxf6 Nxf6 25. Rd2 Re8 26. Rxe8+ Nxe8 27.
b3 Nc7 28. Nc5 Rb5 29. Nd3 Ne6 30. a4 Rb8 31. f4 g6 32. Kf3 Kf8 33. Ne5 Rc8 34.
f5 gxf5 35. gxf5 Ng7 36. Kg4 f6 37. Ng6+ Kf7 38. c4 h5+ 39. Kf4 Rd8 40. Rd4 Ne8
41. cxd5 cxd5 42. b4 axb4 43. Rxb4 d4 44. Rb7+ Kg8 45. Rb2 Kf7 46. a5 Nd6 47.
a6 Ra8 48. Rb6 Nc4 49. Rb7+ Kg8 50. a7 d3 51. Rb8+ 1-0